Statistics for Random Spanish Words #1

Click here to take the quiz!

General Stats

  • This quiz has been taken 32,566 times
  • The average score is 20 of 24

Answer Stats

Spanish English % Correct
AdiósGoodbye
98%
GraciasThanks
98%
AmigoFriend
98%
AguaWater
97%
FiestaParty
96%
MuchoMuch
96%
NocheNight
94%
FelizHappy
92%
RojoRed
90%
OchoEight
90%
TardeLate
88%
DineroMoney
86%
PlayaBeach
83%
NiñaGirl
82%
PerroDog
80%
ToroBull
79%
TrabajarWork
78%
TioUncle
74%
ZapatoShoe
73%
TambiénAlso
71%
OroGold
61%
JefeChief
60%
BurroDonkey
60%
BarrioNeighborhood
48%

Score Distribution

Percentile by Number Answered

Percent of People with Each Score

Your Score History

You have not taken this quiz